Perl from the ground up (Record no. 167586)

MARC details
000 -LEADER
fixed length control field 00349nam a2200145Ia 4500
008 - FIXED-LENGTH DATA ELEMENTS--GENERAL INFORMATION
fixed length control field 231217s9999 xx 000 0 und d
041 ## - LANGUAGE CODE
Language code of text/sound track or separate title English
082 ## - DEWEY DECIMAL CLASSIFICATION NUMBER
Classification number 001.6424PER MCM;1 `R'
100 ## - MAIN ENTRY--PERSONAL NAME
Personal name Mcmillan, Mike
245 #0 - TITLE STATEMENT
Title Perl from the ground up
260 ## - PUBLICATION, DISTRIBUTION, ETC.
Date of publication, distribution, etc. 1998
Name of publisher, distributor, etc. New Delhi : TMH,
300 ## - PHYSICAL DESCRIPTION
Extent XXIII+520
650 ## - SUBJECT ADDED ENTRY--TOPICAL TERM
Topical term or geographic name entry element Perl
942 ## - ADDED ENTRY ELEMENTS (KOHA)
Koha item type Books
Holdings
Date last seen Total checkouts Full call number Accession number Cost, total (INR) price Price effective from Category Lost status Damaged status Department Withdrawn status Home library Current library Shelving location Entry date Cost, normal purchase price Grants Billnumber Billdate Currency symbol Conversion rate Discount Old discount Vendor
26/01/2024   001.6424PER MCM;1 `R' 16926 250.75 26/01/2024 Books     Central Library   Central Library Central Library Library Annex 31/01/2001 295.00 CS 380 30/12/2003 RS 1 44.25 15  
26/01/2024   001.6424PER MCM;2 `R' 16927 250.75 26/01/2024 Books     Central Library   Central Library Central Library   31/01/2001 295.00 CS 380 30/12/2003 RS 1 44.25 15 Ell Enn books

© For any Suggestions or Query, please contact the library staff @ librarian@pes.edu or Phone: +9180 2672 1983/ 2108.